Gaming Quiz

Random Gaming or Country Quiz

Forza Motorsport 6 Circuits Quiz Stats

 Plays Quiz not verified by Sporcle

Score 0/28 Timer 10:00
0 Plays Today
Country Circuit % Correct
ItalyAutodromo Nazionale Monza
93.5%
BelgiumCircuit de Spa-Francorchamps
90.6%
UKSilverstone Racing Circuit
89.1%
GermanyNürburgring
88.4%
UAEYas Marina Circuit
87%
FranceLe Mans Circuit de la Sarthe
82.6%
SpainCircuit de Catalunya
81.9%
SwitzerlandBernese Alps
79.7%
UKBrands Hatch
79.7%
USAIndianapolis Motor Speedway
79.7%
USADaytona International Speedway
79%
BrazilRio de Janeiro
79%
GermanyHockenheimring
76.8%
AustraliaMount Panorama Circuit
73.9%
Country Circuit % Correct
USARoad America
72.5%
USARoad Atlanta
72.5%
UKTop Gear Test Track
71.7%
Czech RepublicPrague
71%
USAVirginia International Raceway
69.6%
USAMazda Raceway Laguna Seca
68.8%
USASebring International Raceway
68.8%
USAWatkins Glen
67.4%
USACircuit of The Americas
64.5%
USALong Beach
62.3%
USASonoma Raceway
59.4%
USATest Track Airfield
58.7%
USALime Rock
58%
USAHomestead Miami
56.5%

You're not logged in!

Compare scores with friends on all Sporcle quizzes.
OR
Log In

Sporcle TV

Today on Sporcle TV


Watch our educational content, quiz creation guides, and fun videos on Sporcle TV.

Show Comments

Extras

Top Quizzes Today


Score Distribution

Your Account Isn't Verified!

In order to create a playlist on Sporcle, you need to verify the email address you used during registration. Go to your Sporcle Settings to finish the process.

Report this User

Report this user for behavior that violates our Community Guidelines.

Details: